000 00418ntaaa2200169 4500
003 01
005 20251027201546.0
008 0714s1973 ag 01
040 _aAR-BaBN
_bspa
_cAR-BaBN
_eaacr
_dRIC
082 _a230.0000 B19
100 _aBaldwin, A. Graham
_914276
245 _aDrama of Our Religion
250 _a1 ed. :
_bOxford University Press,
_cc/939
300 _a247 p.
650 _aTeologĂ­a
942 _cBK
999 _c10218
_d10218